| 000 | 00345nam a2200145Ia 4500 | ||
|---|---|---|---|
| 008 | 150201s2012 xx 000 0 und d | ||
| 082 |
_a617 _bS12M |
||
| 100 | _aMARWAH , SANJAY | ||
| 245 | _aTB. OF SURGERY FOR DENTAL STUDENTS | ||
| 250 | _a1ST | ||
| 260 |
_bJAYPEE _aINDIA _c2012 |
||
| 300 | _a1-385 | ||
| 650 | _aSURGERY | ||
| 942 |
_2ddc _cBK _043 |
||
| 999 |
_c1446 _d1446 |
||